| 000 | 00872nam a22002777a 4500 | ||
|---|---|---|---|
| 001 | BR9402767 | ||
| 003 | BR-BrBNA | ||
| 005 | 20230928094154.0 | ||
| 007 | ta | ||
| 008 | 230509b bl.||||| |||| 00| 0 por d | ||
| 040 |
_aBR-BrBNA _bpor _cBiblioteca Nacional de Agricultura |
||
| 041 | _a(Por) | ||
| 072 | _aE14 | ||
| 090 | _ E14 BR9402767 | ||
| 110 | 1 |
_aSuperintendencia do Plano de Valorizacao Economica da Amazonia, Manaus, AM (Brasil) _910214 |
|
| 245 | 1 | _aPolitica de desenvolvimento da Amazonia. Vol. 2. Nova politica de desenvolvimento. SPVEA 1954/1960 | |
| 260 | 3 |
_aManaus, AM (Brasil): _c1960. |
|
| 300 | _av. 1-2 | ||
| 500 | _a18 illus.; 7 tables | ||
| 650 | _aPrograma de Desenvolvimento | ||
| 650 | _aPolitica Agricola | ||
| 650 | _aDesenvolvimento Agricola | ||
| 650 | _aRegiao Amazonica | ||
| 909 |
_a202309 _bLucia _c55 _dLucia Elande |
||
| 942 | _cBK | ||
| 999 |
_c49212 _d49212 |
||